| 000 | 00796nam a22002897a 4500 | ||
|---|---|---|---|
| 005 | 20260320161727.0 | ||
| 008 | 160329b2000 xxu||||| |||| 00| 0 spa d | ||
| 020 | _a9505725345 | ||
| 041 | _aESP | ||
| 082 | _a364.3 D249m2 | ||
| 100 |
_aDavid, Pedro R. _97322 |
||
| 245 | _aEl mundo del delincuente: cinco casos criminológicos | ||
| 250 | _a2 edición | ||
| 260 | _aArgentina | ||
| 260 | _bZavalia | ||
| 260 | _c2000 | ||
| 300 | _a252 páginas | ||
| 490 | _aInvestigación Criminal | ||
| 650 | _a PSICOLOGÍA CRIMINAL | ||
| 650 | _aDELINCUENTES PROFESIONALES | ||
| 650 | _aINSTITUCIONES POLICIALES | ||
| 650 | _a INSTITUCIONES JUDICIALES | ||
| 650 | _a CRIMINOLOGIA INTEGRATIVA | ||
| 650 | _a REFORMA PENAL | ||
| 650 | _a CONSECUENCIAS CRIMINOLOGICAS | ||
| 942 |
_cBK _2ddc |
||
| 999 |
_c7875 _d7875 |
||